Designing and Fabrication of heat Resorvoir for Cooling and Heating Purpose and also Redesigning and Fabrication of Water Heating System and Solar Oven (Record no. 326397)

000 -LEADER
fixed length control field 00472 a2200133 4500
001 - CONTROL NUMBER
control field 91324
082 ## - DEWEY DECIMAL CLASSIFICATION NUMBER
Classification number PR 1220
090 ## - LOCALLY ASSIGNED LC-TYPE CALL NUMBER (OCLC); LOCAL CALL NUMBER (RLIN)
-- 43438
-- 43437
100 ## - MAIN ENTRY--PERSONAL NAME
Personal name Raed Abdul Razzaq; Prof Eubad John (Advisor)
245 ## - TITLE STATEMENT
Title Designing and Fabrication of heat Resorvoir for Cooling and Heating Purpose and also Redesigning and Fabrication of Water Heating System and Solar Oven
Number of part/section of a work 44 "A" EC
260 ## - PUBLICATION, DISTRIBUTION, ETC.
Place of publication, distribution, etc. Karachi
Name of publisher, distributor, etc. NED University
Date of publication, distribution, etc. 1996
300 ## - PHYSICAL DESCRIPTION
Extent 96p
500 ## - GENERAL NOTE
General note BE Project Reports
942 ## - ADDED ENTRY ELEMENTS (KOHA)
Institution code [OBSOLETE] CAE NUST
Call number prefix PR 1220
Holdings
Withdrawn status Lost status Damaged status Not for loan Collection code Permanent Location Current Location Date acquired Total Checkouts Full call number Barcode Date last seen Price effective from Koha item type
          College of Aeronautical Engineering (CAE) College of Aeronautical Engineering (CAE) 04/03/2017   PR 1220 CAEPR 1220 04/05/2017 04/05/2017 Book
© 2023 Central Library, National University of Sciences and Technology. All Rights Reserved.